000 00595nam a2200217 a 4500
001 BRCA_5870
005 20190320205239.0
008 160311s1866----enka######---#000-0#eng-#
041 _aeng
044 _aenk
050 4 _aNK7486
_b.W66 1866
100 1 _aWood, Edward J.
_914862
245 1 0 _aCuriosities of clocks and watches from the earliest times
_cEdward J. Wood.
260 _aLondres
_bRichard Bentley
_c1866
300 _ax, 443 p.
_bil.
_c20 cm.
500 _aIncluye índice alfabético
500 _aG53
650 1 4 _aRelojes
_xHistoria
_914863
902 _aGFM
942 _2lcc
_cB
999 _c5559
_d5559